| 000 -LEADER |
| fixed length control field |
02371cam a22003734a 4500 |
| 001 - CONTROL NUMBER |
| control field |
14335293 |
| 005 - DATE AND TIME OF LATEST TRANSACTION |
| control field |
20170105102922.0 |
| 008 - FIXED-LENGTH DATA ELEMENTS--GENERAL INFORMATION |
| fixed length control field |
060410s2006 cou b 001 0 eng |
| 010 ## - LIBRARY OF CONGRESS CONTROL NUMBER |
| LC control number |
2006011921 |
| 020 ## - INTERNATIONAL STANDARD BOOK NUMBER |
| International Standard Book Number |
1588264467 (alk. paper) |
| 020 ## - INTERNATIONAL STANDARD BOOK NUMBER |
| International Standard Book Number |
158826422X (pbk. : alk. paper) |
| 020 ## - INTERNATIONAL STANDARD BOOK NUMBER |
| International Standard Book Number |
978813097987 |
| 035 ## - SYSTEM CONTROL NUMBER |
| System control number |
(OCoLC)ocm67361105 |
| 040 ## - CATALOGING SOURCE |
| Original cataloging agency |
DLC |
| Transcribing agency |
DLC |
| Modifying agency |
BAKER |
| -- |
C#P |
| -- |
DLC |
| 042 ## - AUTHENTICATION CODE |
| Authentication code |
pcc |
| 050 00 - LIBRARY OF CONGRESS CALL NUMBER |
| Classification number |
JC423 |
| Item number |
.P877 2006 |
| 082 00 - DEWEY DECIMAL CLASSIFICATION NUMBER |
| Classification number |
321.8 |
| Edition number |
22 |
| 245 00 - TITLE STATEMENT |
| Title |
Promoting democracy in postconflict societies / |
| Statement of responsibility, etc. |
edited by Jeroen de Zeeuw, Krishna Kumar. |
| 260 ## - PUBLICATION, DISTRIBUTION, ETC. |
| Place of publication, distribution, etc. |
Boulder, Colo. : |
| Name of publisher, distributor, etc. |
Lynne Rienner Publishers, Inc., |
| Date of publication, distribution, etc. |
2006. |
| 300 ## - PHYSICAL DESCRIPTION |
| Extent |
x, 333 p. ; |
| Dimensions |
23 cm. |
| 500 ## - GENERAL NOTE |
| General note |
"A project of Clingendael, the Netherlands Institute of International Relations"--P. [ii]. |
| 504 ## - BIBLIOGRAPHY, ETC. NOTE |
| Bibliography, etc. note |
Includes bibliographical references (p. 299-309) and index. |
| 505 0# - FORMATTED CONTENTS NOTE |
| Formatted contents note |
Democracy assistance to postconflict societies / Krishna Kumar and Jeroen de Zeeuw -- International support to "no-party" democracy in Uganda / John-Jean Barya -- Electoral assistance and democratic transition in Ethiopia / Dessalegn Rahmato and Meheret Ayenew -- Fostering multiparty politics in Mozambique / Marc de Tollenaere -- Strengthening human rights in Guatemala / Dinorah Azpuru -- Human rights challenges in postconflict Cambodia / Sorpong Peou -- Human rights assistance to Sierra Leone / Mohamed Gibril Sesay and Charlie Hughes -- Transitional justice in Sierra Leone / Marieke Wierda -- Media assistance to postgenocide Rwanda / Christopher Kayumba and Jean-Paul Kimonyo -- Promoting independent media in El Salvador / Anne Germain Lefèvre -- Building a community radio network in Afghanistan / Krishna Kumar -- Conclusions -- Findings and recommendations / Jeroen de Zeeuw and Luc van de Goor. |
| 650 #0 - SUBJECT ADDED ENTRY--TOPICAL TERM |
| Topical term or geographic name entry element |
Democracy. |
| 650 #0 - SUBJECT ADDED ENTRY--TOPICAL TERM |
| Topical term or geographic name entry element |
Democratization |
| Form subdivision |
Case studies. |
| 650 #0 - SUBJECT ADDED ENTRY--TOPICAL TERM |
| Topical term or geographic name entry element |
Human rights. |
| 700 1# - ADDED ENTRY--PERSONAL NAME |
| Personal name |
Zeeuw, Jeroen de. |
| 700 1# - ADDED ENTRY--PERSONAL NAME |
| Personal name |
Kumar, Krishna, |
| Dates associated with a name |
1940- |
| 710 2# - ADDED ENTRY--CORPORATE NAME |
| Corporate name or jurisdiction name as entry element |
Nederlands Instituut voor Internationale Betrekkingen "Clingendael". |
| 856 41 - ELECTRONIC LOCATION AND ACCESS |
| Materials specified |
Table of contents |
| Uniform Resource Identifier |
<a href="http://www.loc.gov/catdir/toc/ecip0612/2006011921.html">http://www.loc.gov/catdir/toc/ecip0612/2006011921.html</a> |
| 906 ## - LOCAL DATA ELEMENT F, LDF (RLIN) |
| a |
7 |
| b |
cbc |
| c |
orignew |
| d |
1 |
| e |
ecip |
| f |
20 |
| g |
y-gencatlg |
| 942 ## - ADDED ENTRY ELEMENTS (KOHA) |
| Source of classification or shelving scheme |
|
| Koha item type |
Book |